Na Ukrajine nič nové - len horšie

Súčasné vedenie Ukrajiny ponúka pre obyvateľov iba dve cesty vývoja - zlú a horšiu. Oligarchovia ako aj nadnárodné spoločnosti v týchto podmienkach naďalej profitujú. Silnejú názory, že Západ sa pri zasahovaní do vývoja na Ukrajine znovu netrafil a pomajdanovský vývoj nabral nevypočítateľný smer.

Guardado en:
Detalles Bibliográficos
Autor principal: Škvrnda, František
Formato: Capítulo de libro
Lenguaje:eslovaco
Materias:
Etiquetas: Agregar Etiqueta
Sin Etiquetas, Sea el primero en etiquetar este registro!

MARC

LEADER 00000naa a2200000 4500
001 0242591
005 20240502073937.9
041 0 |a slo 
044 |a SK 
245 1 0 |a Na Ukrajine nič nové - len horšie  |c František Škvrnda 
520 |a Súčasné vedenie Ukrajiny ponúka pre obyvateľov iba dve cesty vývoja - zlú a horšiu. Oligarchovia ako aj nadnárodné spoločnosti v týchto podmienkach naďalej profitujú. Silnejú názory, že Západ sa pri zasahovaní do vývoja na Ukrajine znovu netrafil a pomajdanovský vývoj nabral nevypočítateľný smer. 
610 2 0 |a politika vnútorná 
610 2 0 |a strany politické 
610 2 0 |a voľby 
610 2 0 |a prezidenti 
610 2 0 |a vzťahy medzinárodné 
610 2 0 |a Ukrajina 
610 2 0 |a Rusko 
100 1 |a Škvrnda, František